000 00814nam a22002778i 4500
001 021127894
003 EG-ScBUE
005 20260215095112.0
008 230628s2023 enk f 000 f eng d
020 _a9780349132600
040 _aStDuBDS
_beng
_erda
_cStDuBDS
_dEG-ScBUE
082 0 4 _a823.92
_222
_bMCF
100 1 _aMcFadden, Freida,
_eauthor.
245 1 4 _aThe housemaid's secret /
_cFreida McFadden.
264 1 _aLondon :
_bBookouture,
_c2023.
300 _a352 pages ;
_c20 cm
336 _atext
_2rdacontent
_btxt
337 _aunmediated
_2rdamedia
_bn
338 _avolume
_2rdacarrier
_bnc
650 0 _2BUEsh
_aHousehold employees
_vFiction.
650 0 _2BUEsh
_aSecrecy
_vFiction.
653 _cFebruary2026
_bHHUUEENN
655 _vReading book
942 _2ddc
_cBB
999 _c31125
_d31096